Múa rối nước dân gian làng Ra
Giới thiệu lịch sử nghệ thuật múa rối nước làng Ra, xã Bình Phú, huyện Thạch Thất, thành phố Hà Nội. Tìm hiểu về sinh hoạt múa rối nước dân gian cùng nghệ thuật tạo tác quân rối nước của làng và hướng bảo tồn nghệ thuật múa rối nước của các nghệ nhân...
Spremljeno u:
| Glavni autor: | |
|---|---|
| Format: | Knjiga |
| Jezik: | Vietnamese |
| Izdano: |
H.
Khoa học xã hội
2015
|
| Teme: | |
| Oznake: |
Dodaj oznaku
Bez oznaka, Budi prvi tko označuje ovaj zapis!
|
| Thư viện lưu trữ: | Mạng thư viện Đại học Đà Nẵng |
|---|
| LEADER | 01733aam a22004098a 4500 | ||
|---|---|---|---|
| 001 | 000023576 | ||
| 003 | 20029 | ||
| 005 | 20160107140145.0 | ||
| 008 | 160107s2015 viesd | ||
| 020 | |d 2000b | ||
| 041 | 0 | |a vie | |
| 082 | 0 | 4 | |2 23 |a 791.530959731 |b VU-Q |
| 100 | 1 | |a Vũ Tú Quỳnh | |
| 245 | 1 | 0 | |a Múa rối nước dân gian làng Ra |c Vũ Tú Quỳnh |
| 260 | |a H. |b Khoa học xã hội |c 2015 | ||
| 300 | |a 182 tr. |b ảnh, bảng |c 21 cm. | ||
| 500 | |a ĐTTS ghi: Hội Văn nghệ dân gian Việt Nam | ||
| 504 | |a Thư mục: tr. 135-140. - Phụ lục: tr. 141-180 | ||
| 520 | |a Giới thiệu lịch sử nghệ thuật múa rối nước làng Ra, xã Bình Phú, huyện Thạch Thất, thành phố Hà Nội. Tìm hiểu về sinh hoạt múa rối nước dân gian cùng nghệ thuật tạo tác quân rối nước của làng và hướng bảo tồn nghệ thuật múa rối nước của các nghệ nhân | ||
| 650 | 0 | 4 | |2 Bộ TK TVQG |a Nghệ thuật truyền thống |x Nghiên cứu |
| 651 | 7 | |2 Bộ TK TVQG |a Hà Nội | |
| 651 | 7 | |2 Bộ TK TVQG |a Thạch Thất | |
| 651 | 4 | |a Bình Phú | |
| 651 | 4 | |a Làng Ra | |
| 653 | |a Nghệ thuật truyền thống | ||
| 653 | |a Múa rối nước | ||
| 653 | |a Làng Ra | ||
| OWN | |a LSP | ||
| AVA | |a UDN50 |b LSP |d 791.530959731 VU-Q |e available |t Error 5001 Not defined in file expand_doc_bib_avail. |f 1 |g 0 |h N |i 0 |k 1 | ||
| 999 | |a From the UDN01 | ||
| AVA | |a UDN50 |b LSP |d 791.530959731 VU-Q |e available |t Error 5001 Not defined in file expand_doc_bib_avail. |f 1 |g 0 |h N |i 0 |k 1 | ||
| TYP | |a Monograph | ||
| TYP | |a Printed language | ||
| 980 | |a Mạng thư viện Đại học Đà Nẵng | ||